000 00302cam a22000977a 4500
008 180718b1951 xxu||||| |||| 00| 0 eng d
082 _aU2x5441
245 _aFacitities available in Gujarat state fro establishment of industries
260 _aAhmedabad
_bThe Government Central Press
_c1951
300 _a21p.
999 _c498240
_d498240